LEADER 01177nam a2200241 4500 001 000000357032 003 CaOOAMICUS 005 20240202121925.0 008 240202s1928 it 000 u ita r 040 $aSeMil$bita 245 03$aIl cancro se è curato in principio guarisce /$cIntroduzione a cura del cardinale Nasalli Rocca arcivescovo. 264 1$aBologna :$b[s.n.],$c1928. 300 $aXXIII p. ;$c22 cm 490 1 $aTutela sanitaria degli italiani ;$v12 500 $aIn copertina : Si leggano in questo opuscolo i sintomi iniziali per poter ricorrere in tempo all'opera del proprio medico 650 4$aSanità.$0(OLS)http://semarc/subject/9152 700 1 $aNasalli Rocca, Giovanni Battista : di Corneliano .$0(OLS)http://semarc/name/53930 830 0$aTutela sanitaria degli italiani ;$v12.$0(OLS)http://semarc/title/447269 850 $aSeMil 852 $aSeMil$W1$xVenegono$y1$m5C IV 9/28$j245761$B248214$CSeMilBibl$Z2$F248214 $81 996 $6245$aIl cancro se è curato in principio guarisce$9(OLS)http://semarc/title/447274 996 $6264$aBologna :$b[s.n.]$9(OLS)http://semarc/publisher/30580 LEADER 01084nam a2200241 i 4500 001 000000064796 003 CaOOAMICUS 005 20131017000000.0 008 131017s1975 xx u000 u fre u 013 $a35968 040 $aSeMil$bita 100 1 $aKieffer, René <1930-2013>.$0(OLS)http://semarc/name/90331 245 13$aLe primat de l'amour :$bcommentaire épistémologique de 1 Corinthiens 13 /$cRené Kieffer. 260 $aParis :$bLes Éditions du Cerf,$ccopyr. 1975. 300 $a122 p. ;$c22 cm. 490 0 $aLectio divina [Cerf]v85 650 4$aBibbia - NT - 1 Corinzi 13.$0(OLS)http://semarc/subject/7666 650 4$aCarità - Concezione biblica.$0(OLS)http://semarc/subject/9912 830 0$aLectio divina ;$v85.$0(OLS)http://semarc/title/8 850 $aSeMil 852 $aSeMil$W1$xVenegono$y1$m2WA K 85$j30949$B30949$CSeMilBibl$Z2$F30952 $81 996 $6245$aLe primat de l'amour :$bcommentaire épistémologique de 1 Corinthiens 13$9(OLS)http://semarc/title/102713 996 $6260$aParis :$bLes Éditions du Cerf$9(OLS)http://semarc/publisher/29611